|
|
|
|
| LEADER |
00000nab a2200000 ar4500 |
| 001 |
vtls010625452 |
| 003 |
SK-MaSNL |
| 005 |
20260303085129.0 |
| 008 |
141001c2014 xo wr|p|||||||000 b|slo |
| 038 |
|
|
|a PPPK
|
| 040 |
|
|
|a PPPKCL
|b slo
|c PPPKCL
|e AACR2
|
| 041 |
0 |
|
|a slo
|
| 044 |
|
|
|a xo
|c SK
|
| 080 |
|
|
|a 7.071:398
|2 2001
|
| 080 |
|
|
|a 791.027.5
|2 2001
|
| 080 |
|
|
|a 7.092
|2 2001
|
| 245 |
0 |
0 |
|a Ďalší úspech našich folkloristov
|c [text a foto] (red)
|
| 300 |
|
|
|b Fotogr.
|
| 610 |
2 |
7 |
|a Magura (folklórny súbor)
|2 pppkcl
|9 32983
|
| 610 |
2 |
7 |
|a Magurák (folklórny súbor)
|2 pppkcl
|9 163800
|
| 610 |
2 |
7 |
|a Vagonár (folklórny súbor)
|2 pppkcl
|9 163856
|
| 648 |
|
7 |
|a 14.9.2014
|2 pppkcl
|9 1094121
|
| 650 |
0 |
7 |
|a folklórne súbory
|2 pppkcl
|9 28685
|
| 650 |
0 |
7 |
|a choreografia
|2 pppkcl
|9 52282
|
| 650 |
0 |
7 |
|a krajské súťaže
|2 pppkcl
|9 1017563
|
| 651 |
|
7 |
|a Kežmarok (Slovensko)
|2 pppkcl
|9 26808
|
| 651 |
|
7 |
|a Poprad (Slovensko)
|2 pppkcl
|9 20155
|
| 773 |
0 |
|
|t Podtatranské noviny
|g Roč. LIV, č. 39 (2014), s. 4
|x 1210-2423
|
| 852 |
|
|
|a PPPK
|b KIS3GCP
|
| 999 |
|
|
|c 1798021
|d 1799951
|